| 000 | 00909nam a2200229 i 4500 | ||
|---|---|---|---|
| 001 | 48469 | ||
| 003 | ES-MaACL | ||
| 005 | 20230906161745.0 | ||
| 007 | t| | ||
| 008 | 141027s2009 sp ||||1| spa d | ||
| 245 | 0 | 3 |
_aLetra _b: Primer encuentro Internacional de Creadores del Barrio de las Letras de Madrid : 10, 11, 12 de julio de 2009 : Memoria / _cFundación Temas de Arte. |
| 260 |
_aMadrid : _b[s.n.], _c2009. |
||
| 300 |
_a135 p. : _bil. ; _c30 cm. |
||
| 500 | _aCiudad invitada: Buenos Aires. | ||
| 505 | 8 | _aContiene: Presentación, programa, dossier de prensa, fotos etc, de los diferentes actos | |
| 505 | 8 | _aEl Ateneo de Madrid participó como entidad colaboradora | |
| 651 |
_aLas Cortes (Madrid, Barrio) _9155920 |
||
| 651 | 4 |
_aMadrid- _xPolítica cultural. _9155923 |
|
| 710 | 2 |
_aAteneo de Madrid. _91875 |
|
| 710 | 2 |
_aFundación Temas de Arte. _9155922 |
|
| 852 |
_aES-MaACL _j2135-F-23 |
||
| 999 |
_c48469 _d48469 |
||